000
00219nam a2200097Ia 4500
005
20251222120157.0
008
251222s1900||||xx |||||||||||||| ||spa||
082
_a
DVD0090/S57/2005
245
0
_a
Benedicto XVI:
942
_c
DVD
999
_c
2278
_d
2278